| 000 | 00941nam a2200277 i 4500 | ||
|---|---|---|---|
| 001 | 000038474 | ||
| 003 | DO-SdBNP | ||
| 005 | 20251013120028.0 | ||
| 007 | ta | ||
| 008 | 130412s2013 dr 000 0 spa d | ||
| 020 | _a9789945447897 | ||
| 040 |
_aDO-SdBNP _bspa _cBNPHU _erda |
||
| 041 | _aspa | ||
| 082 | 4 |
_axxx _bxxx _222 |
|
| 100 | 1 |
_aSánchez Hernández, Antonio, _eautor _4aut. _99746 |
|
| 245 | 1 | 0 |
_aCerezos de primavera : _bcuentos y relatos / _cAntonio Sánchez Hernández. |
| 264 | 4 |
_aSanto Domingo : _bUniversidad Autónoma de Santo Domingo, _c©2013. |
|
| 300 |
_a284 páginas ; _c24 cm. |
||
| 336 |
_atexto _btxt _2rdacontent |
||
| 337 |
_asin mediación _bn _2rdamedia |
||
| 338 |
_avolumen _bnc _2rdacarrier |
||
| 500 | _aIncluye datos biográficos del autor en la solapa de la contracubierta | ||
| 590 | _aLa biblioteca posee 3 ejemplares autografiado por el autor | ||
| 590 | _aInventariado, 2025/BT | ||
| 942 |
_2ddc _cLBS1 |
||
| 999 |
_c37964 _d37964 |
||